000 00945nam a2200181 a 4500
001 000048669
005 20201002061321.0
008 190408d2004 dr a 000 0 spa d
040 _aDO-SdBNP
_bspa
_cBNPHU
082 _axx
_bxx
110 2 _aRepublica Dominicana
_bDirección Genral de Presupuesto
_976113
245 1 0 _aA comprender el presupuesto :
_bconceptos básicos para entender el presupuesto General del Estado /
_cCoordinación general Mercedes Carrasco.
260 _aSanto Domingo :
_bDirección Genral de Presupuesto (DIGEPRES) :,
_c[201].
300 _a73 p. :
_bils. ;
_c23 cm.
505 0 _aEl presupuesto genral del Estado --
_tEl circulo presupuestario --
_tOrigen de los recursos del presupuesto --
_tDestino de los recursos del presupuesto --
_tEl resultado presupuestario --
_tDerecho y deber de la ciudadanía respecto al presupuesto --
_tGlosario.
590 _aInventariado, 2019/VM
700 1 _aCarrasco, Mercedes
_ecoord.
_974078
999 _c48157
_d48157